Loading...
| Geography | 0 | 3 | 0 | 1 | 30 | 103 | 105.67 | 0 | 3 | 3.12 | 37.62 |
| Literature - American | 0 | 2 | 0 | 0 | 20 | 32 | 69.50 | 1 | 1 | 7.89 | 14.29 |
| Current Events | 0 | 2 | 0 | 1 | 20 | 30 | 47.00 | 0 | 2 | 21.77 | 33.33 |
| History - World | 0 | 2 | 0 | 1 | 20 | 19 | 55.00 | 0 | 2 | 9.79 | 12.62 |
| History - American | 0 | 2 | 0 | 0 | 20 | 76 | 81.00 | 0 | 0 | 4.80 | 5.00 |
| Popular Culture | 0 | 2 | 1 | 0 | 15 | 13 | 54.00 | 0 | 1 | 21.20 | 20.00 |
| Fine Arts - Other | 0 | 2 | 1 | 1 | 15 | 72 | 81.50 | 0 | 2 | 5.97 | 15.48 |
| Mythology | 0 | 2 | 1 | 1 | 15 | 73 | 74.00 | 1 | 2 | 7.77 | 11.67 |
| Philosophy | 0 | 1 | 0 | 1 | 10 | 102 | 102.00 | 0 | 0 | 0.47 | 6.25 |
| Religion | 0 | 1 | 0 | 1 | 10 | 97 | 97.00 | 0 | 1 | 1.49 | 7.14 |
| History - European | 0 | 1 | 0 | 0 | 10 | 65 | 65.00 | 0 | 1 | 3.30 | 7.14 |
| Fine Arts - Classical Music | 0 | 1 | 0 | 0 | 10 | 122 | 122.00 | 0 | 1 | 0.47 | 5.00 |
| Science - Chemistry | 0 | 1 | 1 | 1 | 5 | 115 | 115.00 | 0 | 1 | 1.22 | 7.14 |
| History - Other | 0 | 1 | 1 | 1 | 5 | 102 | 102.00 | 0 | 1 | 1.21 | 5.71 |
| Social Science | 0 | 0 | 0 | 0 | 0 | 0.00 | 0 | 0 | 0.00 | 0.00 | |
| Literature - British | 0 | 0 | 0 | 0 | 0 | 0.00 | 0 | 0 | 0.00 | 0.00 | |
| Literature - World | 0 | 0 | 1 | 0 | -5 | 0.00 | 0 | 0 | 0.00 | 0.00 | |
| Science - Physics | 0 | 0 | 1 | 0 | -5 | 0.00 | 0 | 0 | 0.00 | 0.00 | |
| Fine Arts - Painting and Sculpture | 0 | 0 | 1 | 0 | -5 | 0.00 | 0 | 0 | 0.00 | 0.00 | |
| Science - Biology | 0 | 0 | 2 | 0 | -10 | 0.00 | 0 | 0 | 0.00 | 0.00 |